00333nam a2200121Ia 4500008004100000041000800041082001700049100002000066245004500086260004100131300003000172365000900202240624s9999 xx 000 0 und d aeng a658.3125 PHI aPHILLIPS JACK J aHRM TRENDS WORLDWIDE SHARED SOLUTIONS TO c1999aTexasbGulf Publishing Company axv, : 400 : p. : cm. ; 23 cb35